[Event "4NCL/Div1/WGR vs. BET"]
[Site "Wokefield Park ENG"]
[Date "2008.03.01"]
[Round "7.4"]
[White "Pert, Richard G"]
[Black "Tiller, Bjorn"]
[Result "1-0"]
[WhiteElo "2461"]
[BlackElo "2389"]
[PlyCount "53"]
[EventDate "2008.03.01"]
[EventCountry "ENG"]
[SourceDate "2007.09.15"]

1. d4 g6 2. e4 d6 3. Nc3 a6 4. Be3 Nd7 5. Nf3 Bg7 6. Bd3 b5 7. e5 Bb7 8. e6
fxe6 9. Ng5 Nf8 10. O-O Qd7 11. Re1 Nf6 12. a4 h6 13. Nf3 b4 14. Na2 Qxa4 15.
Bd2 a5 16. Nxb4 Qd7 17. Na2 g5 18. c4 Kf7 19. Nc3 Ng6 20. Qc2 Nh4 21. Nxh4 gxh4
22. d5 exd5 23. Bf5 Qd8 24. Be6+ Kf8 25. cxd5 h3 26. Nb5 Bxd5 27. Nxc7 1-0

[Event "4NCL/Div1/WGR vs. BET"]
[Site "Wokefield Park ENG"]
[Date "2008.03.01"]
[Round "7.5"]
[White "Pein, Malcolm"]
[Black "Ansell, Simon"]
[Result "1-0"]
[WhiteElo "2395"]
[BlackElo "2402"]
[PlyCount "81"]
[EventDate "2008.03.01"]
[EventCountry "ENG"]
[SourceDate "2007.09.15"]

1. Nf3 c5 2. c4 Nf6 3. Nc3 e6 4. g3 b6 5. Bg2 Bb7 6. O-O Be7 7. Re1 d6 8. e4 a6
9. d4 cxd4 10. Nxd4 Qc7 11. Be3 O-O 12. Rc1 Nbd7 13. f4 Rfe8 14. g4 g6 15. g5
Nh5 16. Nde2 Rac8 17. b3 Qb8 18. Bf3 Ng7 19. Ng3 Qa8 20. Rf1 Bf8 21. Rc2 Nc5
22. h4 d5 23. exd5 Rcd8 24. Nce4 exd5 25. Nf6+ Kh8 26. Nxe8 Rxe8 27. Bd4 Ne4
28. Bxe4 dxe4 29. Be3 Qc8 30. Kh2 Rd8 31. Rd2 Rd3 32. Rxd3 exd3 33. Qxd3 Qg4
34. Bd4 Qxh4+ 35. Kg1 Kg8 36. Ne4 Nh5 37. Qf3 Bc8 38. Bf2 Qh3 39. Qxh3 Bxh3 40.
Re1 Nxf4 41. Bxb6 1-0

[Event "4NCL/Div1/WGR vs. BET"]
[Site "Wokefield Park ENG"]
[Date "2008.03.01"]
[Round "7.6"]
[White "Ledger, David J"]
[Black "Rechel, Bernd"]
[Result "0-1"]
[WhiteElo "2277"]
[BlackElo "2415"]
[PlyCount "66"]
[EventDate "2008.03.01"]
[EventCountry "ENG"]
[SourceDate "2007.09.15"]

1. e4 c5 2. Nc3 Nc6 3. Bb5 Nd4 4. Bc4 e6 5. Nge2 a6 6. d3 b5 7. Bb3 Bb7 8. Nxd4
cxd4 9. Ne2 Bc5 10. O-O Ne7 11. Ng3 O-O 12. Qg4 Kh8 13. Bd2 f5 14. Qh4 Qc7 15.
Rae1 Ng6 16. Qh5 Bd6 17. exf5 exf5 18. Nxf5 Rxf5 19. Qxf5 Bxh2+ 20. Kh1 Bxg2+
21. Kxg2 Nh4+ 22. Kh3 Nxf5 23. f4 Qd6 24. Kxh2 Qh6+ 25. Kg2 Qg6+ 26. Kf2 Qg3+
27. Ke2 Qg2+ 28. Kd1 Ne3+ 29. Bxe3 dxe3 30. Kc1 Rf8 31. Kb1 e2 32. Rg1 Qxg1 33.
Rxg1 Rxf4 0-1

[Event "4NCL/Div1/WGR vs. BET"]
[Site "Wokefield Park ENG"]
[Date "2008.03.01"]
[Round "7.7"]
[White "Hegarty, Sarah"]
[Black "Webb, Laurence E"]
[Result "0-1"]
[WhiteElo "1967"]
[BlackElo "2304"]
[PlyCount "96"]
[EventDate "2008.03.01"]
[EventCountry "ENG"]
[SourceDate "2007.09.15"]

1. e4 e5 2. Bc4 Nf6 3. d3 Nc6 4. Nf3 Be7 5. O-O O-O 6. Re1 d6 7. a4 Be6 8. Nbd2
Qd7 9. c3 g6 10. d4 exd4 11. cxd4 d5 12. Bb5 dxe4 13. Nxe4 Nxe4 14. Rxe4 Bd5
15. Ne5 Qd8 16. Re1 Nxe5 17. dxe5 Be6 18. Qe2 c6 19. Bc4 Qc8 20. Be3 Rd8 21.
Red1 b6 22. h3 Bxc4 23. Qxc4 Qe6 24. Qxe6 fxe6 25. Rac1 c5 26. f4 Kf7 27. Kf2
Rd5 28. Ke2 Rad8 29. b3 Ke8 30. Rd2 Kd7 31. Rxd5+ exd5 32. Kd3 Ke6 33. Re1 h5
34. g3 a6 35. Bd2 Rc8 36. Rc1 b5 37. axb5 axb5 38. Ra1 c4+ 39. bxc4 bxc4+ 40.
Kc3 Bc5 41. Ra6+ Kf5 42. Rf6+ Ke4 43. Rxg6 Bf8 44. e6 d4+ 45. Kc2 Rc7 46. Ba5
Ra7 47. Rg5 Bg7 48. Bb6 d3+ 0-1

[Event "4NCL/Div1/WGR vs. BET"]
[Site "Wokefield Park ENG"]
[Date "2008.03.01"]
[Round "7.8"]
[White "Eames, Robert G"]
[Black "Cumming, Rhys"]
[Result "1-0"]
[WhiteElo "2294"]
[BlackElo "1845"]
[PlyCount "45"]
[EventDate "2008.03.01"]
[EventCountry "ENG"]
[SourceDate "2007.09.15"]

1. d4 d5 2. c4 e6 3. Nc3 Nf6 4. cxd5 exd5 5. Bg5 Be7 6. e3 O-O 7. Bd3 Nbd7 8.
Nge2 Re8 9. Qc2 Nf8 10. O-O g6 11. f3 Ne6 12. Bh4 c6 13. Rad1 Bd6 14. e4 dxe4
15. fxe4 Bxh2+ 16. Kh1 g5 17. e5 Nh5 18. Bxh7+ Kh8 19. Rxf7 gxh4 20. Bg8 Ng5
21. Rh7+ Kxg8 22. Qg6+ Kf8 23. Rf1+ 1-0

[Event "4NCL/Div1/BAR2 vs. HKF1"]
[Site "Wokefield Park ENG"]
[Date "2008.03.01"]
[Round "7.1"]
[White "Rogers, Jonathan W"]
[Black "Gordon, Stephen J"]
[Result "0-1"]
[WhiteElo "2347"]
[BlackElo "2501"]
[PlyCount "84"]
[EventDate "2008.03.01"]
[EventCountry "ENG"]
[SourceDate "2007.09.15"]

1. d4 Nf6 2. c4 e6 3. Nc3 Bb4 4. Bd2 O-O 5. e3 d6 6. Nf3 Nbd7 7. Qc2 e5 8. Be2
Re8 9. O-O c6 10. Rad1 Bxc3 11. Bxc3 e4 12. Ne1 d5 13. Rc1 dxc4 14. Bxc4 Nb6
15. Be2 Bg4 16. h3 Bxe2 17. Qxe2 Qd5 18. b3 Re6 19. Nc2 Qd6 20. Bb4 Qd7 21. Na3
Nfd5 22. Bd2 Rg6 23. Kh1 Re8 24. Nc4 Qd8 25. Ne5 Rge6 26. Ba5 Qe7 27. Rc2 Nd7
28. Nc4 Rg6 29. Bd2 Re6 30. b4 Nf8 31. Rb1 Ng6 32. b5 Nh4 33. Ne5 f6 34. bxc6
fxe5 35. cxb7 Nb6 36. Qg4 Nxg2 37. Rc8 Nxc8 38. b8=Q Nb6 39. Bb4 Qf7 40. d5 Rg6
41. Qxe8+ Qxe8 42. Qxe4 Qd7 0-1

[Event "4NCL/Div1/BAR2 vs. HKF1"]
[Site "Wokefield Park ENG"]
[Date "2008.03.01"]
[Round "7.2"]
[White "Greet, Andrew N"]
[Black "Cox, John J"]
[Result "1-0"]
[WhiteElo "2444"]
[BlackElo "2375"]
[PlyCount "57"]
[EventDate "2008.03.01"]
[EventCountry "ENG"]
[SourceDate "2007.09.15"]

1. e4 e5 2. Nf3 Nc6 3. Bb5 a6 4. Ba4 Nf6 5. O-O Be7 6. Re1 b5 7. Bb3 d6 8. c3
O-O 9. h3 Na5 10. Bc2 c5 11. d4 Qc7 12. Nbd2 Nc6 13. d5 Nd8 14. a4 Rb8 15. b4
Bd7 16. axb5 axb5 17. bxc5 Qxc5 18. Re3 Qc7 19. Ba3 Nb7 20. Nxe5 Be8 21. Nef3
Nd7 22. Nd4 Nb6 23. Bb4 Nc5 24. Nf5 Bf6 25. e5 Nxd5 26. exf6 Nxe3 27. Nxe3 g6
28. Qg4 Bc6 29. Nb3 1-0

[Event "4NCL/Div1/BAR2 vs. HKF1"]
[Site "Wokefield Park ENG"]
[Date "2008.03.01"]
[Round "7.3"]
[White "Lewis, Andrew P"]
[Black "Hanley, Craig A"]
[Result "0-1"]
[WhiteElo "2292"]
[BlackElo "2434"]
[PlyCount "72"]
[EventDate "2008.03.01"]
[EventCountry "ENG"]
[SourceDate "2007.09.15"]

1. c4 e5 2. Nc3 Nf6 3. Nf3 Nc6 4. d3 Bb4 5. Bd2 O-O 6. e3 d5 7. cxd5 Nxd5 8.
Be2 Nxc3 9. bxc3 Bd6 10. e4 b6 11. O-O Re8 12. d4 exd4 13. cxd4 Rxe4 14. Ng5
Rxd4 15. Qc2 Rh4 16. g3 Nd4 17. Qd1 h6 18. gxh4 Bb7 19. Bg4 hxg5 20. Bxg5 f6
21. Be3 Bc5 22. Bxd4 Bxd4 23. Re1 f5 24. Qb3+ Bd5 25. Re8+ Qxe8 26. Qxd5+ Kh8
27. Qxd4 c5 28. Qd5 fxg4 29. Rd1 Rc8 30. h5 Rc6 31. Qf5 Rf6 32. Qxg4 Qe6 33.
Qg3 Kh7 34. Rd8 Qe1+ 35. Kg2 Qe4+ 36. Kg1 Rf3 0-1

[Event "4NCL/Div1/BAR2 vs. HKF1"]
[Site "Wokefield Park ENG"]
[Date "2008.03.01"]
[Round "7.4"]
[White "Therrien, Alex"]
[Black "Taylor, Martin R"]
[Result "1/2-1/2"]
[WhiteElo "2240"]
[BlackElo "2334"]
[PlyCount "89"]
[EventDate "2008.03.01"]
[EventCountry "ENG"]
[SourceDate "2007.09.15"]

1. d4 d5 2. c4 e6 3. Nc3 Nf6 4. cxd5 exd5 5. Bg5 Be7 6. e3 Nbd7 7. Bd3 c6 8.
Nge2 Nh5 9. Bxe7 Qxe7 10. g4 Nhf6 11. Ng3 Nb6 12. g5 Nfd7 13. Nf5 Qxg5 14. Qf3
Nf6 15. h4 Qg4 16. Qxg4 Nxg4 17. Nxg7+ Kf8 18. Nh5 Nd7 19. Rg1 Ndf6 20. Nxf6
Nxf6 21. f3 h6 22. O-O-O Be6 23. e4 dxe4 24. fxe4 Rd8 25. Be2 Ke7 26. Bf3 Rhg8
27. Rge1 Rg3 28. Bh1 Bg4 29. Rd2 Nd7 30. e5 Nb6 31. Ne4 Rh3 32. Nd6 Rxh4 33.
Nxb7 Rb8 34. Na5 Bd7 35. Nxc6+ Bxc6 36. Bxc6 Rc8 37. Rc2 Rxd4 38. Rh1 Rc4 39.
Rxh6 Rxc2+ 40. Kxc2 Nc4 41. Kb1 Rb8 42. Bd5 Rxb2+ 43. Kc1 Rb6 44. e6 Ne3 45.
Bb3 1/2-1/2

[Event "4NCL/Div1/BAR2 vs. HKF1"]
[Site "Wokefield Park ENG"]
[Date "2008.03.01"]
[Round "7.5"]
[White "Berry, Neil"]
[Black "Briscoe, Christopher"]
[Result "1/2-1/2"]
[WhiteElo "2319"]
[BlackElo "2268"]
[PlyCount "92"]
[EventDate "2008.03.01"]
[EventCountry "ENG"]
[SourceDate "2007.09.15"]

1. d4 Nf6 2. c4 e6 3. Nc3 Bb4 4. f3 d5 5. a3 Bxc3+ 6. bxc3 c5 7. cxd5 Nxd5 8.
dxc5 Qa5 9. e4 Ne7 10. Be3 O-O 11. Qb3 Qc7 12. Bb5 Nec6 13. Nh3 e5 14. Nf2 Na5
15. Qb4 Be6 16. Rb1 Na6 17. Qa4 Nxc5 18. Bxc5 Qxc5 19. Qxa5 a6 20. O-O axb5 21.
Qb4 Qxb4 22. axb4 f6 23. Rfd1 Rfc8 24. Rd6 Kf7 25. Rc1 Ra3 26. Nd1 Rc7 27. Rb6
Bc4 28. Ne3 Rd7 29. Nf5 Ra2 30. Rxb7 Rxb7 31. Nd6+ Kg6 32. Nxb7 Kg5 33. Nd6 Kf4
34. Re1 Rc2 35. Nf5 g6 36. Ne3 Rxc3 37. Kf2 Rb3 38. g3+ Kg5 39. h4+ Kh6 40. Rd1
Rb2+ 41. Kg1 Rxb4 42. Rd7 Rb1+ 43. Kf2 Rb2+ 44. Kg1 Rb1+ 45. Kf2 Rb2+ 46. Kg1
Rb1+ 1/2-1/2

[Event "4NCL/Div1/BAR2 vs. HKF1"]
[Site "Wokefield Park ENG"]
[Date "2008.03.01"]
[Round "7.6"]
[White "Lindner, Daniel"]
[Black "Twyble, Michael S"]
[Result "0-1"]
[WhiteElo "2237"]
[BlackElo "2267"]
[PlyCount "80"]
[EventDate "2008.03.01"]
[EventCountry "ENG"]
[SourceDate "2007.09.15"]

1. e4 e5 2. Nf3 Nc6 3. Bc4 Bc5 4. b4 Bxb4 5. c3 Ba5 6. d4 d6 7. Qb3 Qd7 8. dxe5
Bb6 9. Nbd2 Na5 10. Qb4 Nxc4 11. Nxc4 Bc5 12. Qb2 Ne7 13. exd6 cxd6 14. O-O b5
15. Ncd2 O-O 16. Nb3 Bb7 17. Qe2 Rfe8 18. Na5 Ng6 19. Nxb7 Qxb7 20. Rb1 a6 21.
Re1 f5 22. Ng5 h6 23. Qh5 Ne5 24. Nh3 Nd3 25. Rf1 fxe4 26. Nf4 Qf7 27. Qxf7+
Kxf7 28. Nd5 Re5 29. Ne3 Nxc1 30. Rbxc1 Bxe3 31. fxe3+ Ke6 32. c4 Rc5 33. cxb5
axb5 34. Rxc5 dxc5 35. Rf2 Ra3 36. Re2 Kd5 37. Kf2 c4 38. Ke1 Rd3 39. Rb2 Kc5
40. Ke2 b4 0-1

[Event "4NCL/Div1/BAR2 vs. HKF1"]
[Site "Wokefield Park ENG"]
[Date "2008.03.01"]
[Round "7.7"]
[White "Taylor, Peter"]
[Black "McFarland, Robert S"]
[Result "1/2-1/2"]
[WhiteElo "2246"]
[BlackElo "2229"]
[PlyCount "42"]
[EventDate "2008.03.01"]
[EventCountry "ENG"]
[SourceDate "2007.09.15"]

1. Nf3 g6 2. c4 Bg7 3. d4 Nf6 4. Nc3 d6 5. e4 O-O 6. Be2 e5 7. O-O Nc6 8. d5
Ne7 9. b4 a5 10. Ba3 axb4 11. Bxb4 b6 12. a4 Nd7 13. a5 Nc5 14. axb6 Rxa1 15.
Qxa1 cxb6 16. Qa7 Bd7 17. Rb1 Nc8 18. Qa2 f5 19. Bxc5 bxc5 20. Rb8 Bh6 21. Bd1
Qc7 1/2-1/2

[Event "4NCL/Div1/BAR2 vs. HKF1"]
[Site "Wokefield Park ENG"]
[Date "2008.03.01"]
[Round "7.8"]
[White "Parmar, Amisha"]
[Black "Bhatia, Kanwal K"]
[Result "1/2-1/2"]
[WhiteElo "1995"]
[BlackElo "2054"]
[PlyCount "58"]
[EventDate "2008.03.01"]
[EventCountry "ENG"]
[SourceDate "2007.09.15"]

1. e4 e5 2. Nf3 Nc6 3. Bb5 a6 4. Ba4 Nf6 5. Qe2 b5 6. Bb3 Bc5 7. c3 d6 8. O-O
O-O 9. Rd1 Bb6 10. h3 Qe7 11. d3 Be6 12. Bc2 Rfe8 13. Be3 Bxe3 14. Qxe3 d5 15.
Nbd2 Rad8 16. a3 h6 17. Nf1 dxe4 18. dxe4 Nh5 19. Bd3 Qf6 20. Be2 Nf4 21. Ng3
Na5 22. Nd2 Rxd2 23. Rxd2 Nb3 24. Rad1 Nxd2 25. Rxd2 Qg5 26. Kh2 Qh4 27. Nf1 g5
28. Qg3 Qxg3+ 29. Nxg3 Nxe2 1/2-1/2

[Event "4NCL/Div1/CAMB1 vs. GUI2"]
[Site "Wokefield Park ENG"]
[Date "2008.03.01"]
[Round "7.1"]
[White "Dearing, Eddie"]
[Black "Cherniaev, Alexander"]
[Result "1-0"]
[WhiteElo "2381"]
[BlackElo "2491"]
[PlyCount "41"]
[EventDate "2008.03.01"]
[EventCountry "ENG"]
[SourceDate "2007.09.15"]

1. d4 d5 2. c4 Nc6 3. Nf3 Bg4 4. Nc3 e6 5. Bf4 Bxf3 6. gxf3 dxc4 7. e3 Bb4 8.
Bxc4 Nge7 9. Rg1 Ng6 10. Bg3 Qe7 11. Qc2 O-O 12. O-O-O Rfd8 13. h4 Na5 14. Be2
c5 15. d5 c4 16. h5 Nf8 17. Rd4 f6 18. Bh4 Bxc3 19. Qxc3 e5 20. Rdg4 b6 21.
Qxe5 1-0

[Event "4NCL/Div1/CAMB1 vs. GUI2"]
[Site "Wokefield Park ENG"]
[Date "2008.03.01"]
[Round "7.2"]
[White "Shaw, John K"]
[Black "Pinter, Gabor"]
[Result "1-0"]
[WhiteElo "2458"]
[BlackElo "2361"]
[PlyCount "93"]
[EventDate "2008.03.01"]
[EventCountry "ENG"]
[SourceDate "2007.09.15"]

1. e4 c5 2. Nf3 e6 3. c3 Nf6 4. e5 Nd5 5. d4 cxd4 6. cxd4 d6 7. Bc4 Nc6 8. O-O
Be7 9. a3 O-O 10. Re1 Bd7 11. Bd2 Rc8 12. Nc3 Nxc3 13. Bxc3 d5 14. Bd3 f5 15.
exf6 Bxf6 16. Re3 g6 17. Qb3 Rc7 18. Rae1 Bc8 19. Qd1 Rcf7 20. b4 a6 21. a4 Qd6
22. b5 axb5 23. axb5 Ne7 24. Qa4 Qf4 25. Bb4 Rd8 26. g3 Qg4 27. Bxe7 Rxe7 28.
Ne5 Bxe5 29. Rxe5 Rf7 30. f4 Qh3 31. Be2 Rdf8 32. Qd1 Qh6 33. Bg4 Qg7 34. b6
Rf6 35. Bxe6+ Bxe6 36. Rxe6 g5 37. fxg5 Qxg5 38. R6e5 Rf5 39. Qd3 Qg6 40. Rxf5
Rxf5 41. Qb5 Qf7 42. Qe8+ Qxe8 43. Rxe8+ Kf7 44. Rb8 Rf6 45. Rxb7+ Kg6 46. Rb8
Kg7 47. Kg2 1-0

[Event "4NCL/Div1/CAMB1 vs. GUI2"]
[Site "Wokefield Park ENG"]
[Date "2008.03.01"]
[Round "7.3"]
[White "Moskovic, David M"]
[Black "Cornette, Matthieu"]
[Result "0-1"]
[WhiteElo "2273"]
[BlackElo "2491"]
[PlyCount "96"]
[EventDate "2008.03.01"]
[EventCountry "ENG"]
[SourceDate "2007.09.15"]

1. e4 e6 2. d3 d5 3. Nd2 Nf6 4. Ngf3 b6 5. g3 dxe4 6. dxe4 Bb7 7. Bg2 Nxe4 8.
O-O Nxd2 9. Bxd2 Be7 10. Qe2 c5 11. Rad1 Qc8 12. Bc3 O-O 13. Ne5 Bxg2 14. Kxg2
Nc6 15. f4 Nxe5 16. fxe5 Qc6+ 17. Rf3 f5 18. Kg1 Rad8 19. Rfd3 Rxd3 20. cxd3
Qd5 21. b3 a5 22. Qg2 b5 23. Qxd5 exd5 24. Bxa5 Ra8 25. Bc7 Rxa2 26. Bd6 Kf7
27. Rc1 Bxd6 28. exd6 Ke6 29. Rxc5 Kxd6 30. Rxb5 Ke5 31. Rb7 g5 32. Re7+ Kd4
33. Rf7 Kxd3 34. Rxf5 d4 35. Rxg5 Kc2 36. Rc5+ Kxb3 37. Kf1 Rxh2 38. Ke1 Rg2
39. Rc7 h5 40. Kd1 Rxg3 41. Kd2 h4 42. Rb7+ Kc4 43. Rc7+ Kd5 44. Rd7+ Ke4 45.
Re7+ Kf3 46. Kd3 h3 47. Re2 Rg1 48. Ra2 Kg3 0-1

[Event "4NCL/Div1/CAMB1 vs. GUI2"]
[Site "Wokefield Park ENG"]
[Date "2008.03.01"]
[Round "7.4"]
[White "Tissir, Mohamed"]
[Black "Conlon, Joe"]
[Result "1-0"]
[WhiteElo "2444"]
[BlackElo "2205"]
[PlyCount "72"]
[EventDate "2008.03.01"]
[EventCountry "ENG"]
[SourceDate "2007.09.15"]

1. e4 d5 2. exd5 Nf6 3. d4 Bg4 4. Bb5+ Nbd7 5. f3 Bf5 6. Nc3 a6 7. Ba4 b5 8.
Bb3 Nb6 9. Nge2 b4 10. Na4 Nbxd5 11. Nc5 c6 12. Ng3 Bg6 13. O-O e5 14. Ba4 Qb6
15. Nb3 O-O-O 16. Kh1 h5 17. Ne2 h4 18. h3 e4 19. c4 bxc3 20. Nxc3 e3 21. Nxd5
Nxd5 22. Re1 Bb4 23. Rxe3 Nxe3 24. Bxe3 Rhe8 25. Bf2 Re6 26. Rc1 Kb8 27. Qf1
Rd5 28. Qc4 Kb7 29. Bxc6+ Qxc6 30. Qxb4+ Qb6 31. Qc4 Qc6 32. Nc5+ Kb8 33. Nxa6+
Qxa6 34. Qxd5 Rd6 35. Qc5 f6 36. Rc3 Qf1+ 1-0

[Event "4NCL/Div1/CAMB1 vs. GUI2"]
[Site "Wokefield Park ENG"]
[Date "2008.03.01"]
[Round "7.5"]
[White "Pickard, Charles"]
[Black "Buckley, Graeme"]
[Result "0-1"]
[WhiteElo "2203"]
[BlackElo "2392"]
[PlyCount "81"]
[EventDate "2008.03.01"]
[EventCountry "ENG"]
[SourceDate "2007.09.15"]

1. Nf3 Nf6 2. g3 b5 3. Bg2 Bb7 4. O-O e6 5. d3 Be7 6. c3 c5 7. a4 b4 8. Nbd2 d5
9. Nb3 bxc3 10. bxc3 Nbd7 11. Rb1 Bc6 12. Ra1 Qc7 13. Qc2 Rb8 14. Bf4 Bd6 15.
Bxd6 Qxd6 16. c4 O-O 17. cxd5 Bxd5 18. Nbd2 Bc6 19. Rfc1 Qc7 20. d4 Rfc8 21. e4
Qb7 22. dxc5 Qb4 23. e5 Bxf3 24. Nxf3 Rxc5 25. Qe2 Ng4 26. Rxc5 Qxc5 27. Re1
Rb4 28. h3 Nh6 29. Qd3 Nf8 30. Re4 Rb2 31. Rd4 Nf5 32. Qc4 Qb6 33. Rd2 Rxd2 34.
Nxd2 Nxg3 35. Be4 g6 36. Kg2 Nh5 37. Bf3 Qb2 38. Nb3 Qxe5 39. a5 Nf4+ 40. Kf1
Qf5 41. Bg2 0-1

[Event "4NCL/Div1/CAMB1 vs. GUI2"]
[Site "Wokefield Park ENG"]
[Date "2008.03.01"]
[Round "7.6"]
[White "Muir, Andrew J"]
[Black "Eckersley-Waites, Adam"]
[Result "1/2-1/2"]
[WhiteElo "2358"]
[BlackElo "2199"]
[PlyCount "88"]
[EventDate "2008.03.01"]
[EventCountry "ENG"]
[SourceDate "2007.09.15"]

1. d4 Nf6 2. c4 g6 3. Nc3 Bg7 4. e4 d6 5. f3 O-O 6. Be3 c5 7. dxc5 dxc5 8. Qxd8
Rxd8 9. Bxc5 Nc6 10. Nge2 Nd7 11. Be3 Nb4 12. O-O-O b6 13. Nd5 Nc6 14. Nd4 Nxd4
15. Bxd4 Bf8 16. Be2 Bb7 17. Kb1 Rac8 18. b3 f6 19. f4 e6 20. Nc3 Bb4 21. Kb2
Bxc3+ 22. Bxc3 Bxe4 23. Rd6 Nc5 24. Rhd1 Rxd6 25. Rxd6 Kf7 26. g3 Ke7 27. Rd1
h6 28. Bd4 g5 29. b4 Nd7 30. Be3 e5 31. fxg5 hxg5 32. Bg4 Rc7 33. c5 Nb8 34.
cxb6 axb6 35. Bxb6 Rc2+ 36. Kb3 Rxh2 37. Bd8+ Ke8 38. Rd6 f5 39. Bxg5 fxg4 40.
Rd8+ Kf7 41. Rxb8 Bd5+ 42. Kc3 Rxa2 43. Rb6 Ra3+ 44. Kd2 Rxg3 1/2-1/2

[Event "4NCL/Div1/CAMB1 vs. GUI2"]
[Site "Wokefield Park ENG"]
[Date "2008.03.01"]
[Round "7.7"]
[White "Cooley, Oliver"]
[Black "Povah, Nigel E"]
[Result "1-0"]
[WhiteElo "2106"]
[BlackElo "2334"]
[PlyCount "43"]
[EventDate "2008.03.01"]
[EventCountry "ENG"]
[SourceDate "2007.09.15"]

1. e4 d5 2. exd5 Nf6 3. d4 Bg4 4. Be2 Bxe2 5. Nxe2 Qxd5 6. O-O Nc6 7. Nbc3 Qf5
8. Be3 e6 9. Ng3 Qg6 10. Qe2 O-O-O 11. Rad1 h5 12. Qd3 Qg4 13. f3 Qh4 14. Nge4
Nxe4 15. Nxe4 f5 16. Bg5 Rxd4 17. Qb3 Rxd1 18. Rxd1 Nd4 19. Bxh4 fxe4 20. Rxd4
Bc5 21. Qxe6+ Kb8 22. Qxe4 1-0

[Event "4NCL/Div1/CAMB1 vs. GUI2"]
[Site "Wokefield Park ENG"]
[Date "2008.03.01"]
[Round "7.8"]
[White "Sandu, Mihaela"]
[Black "Broomfield, Lucy"]
[Result "1-0"]
[WhiteElo "2313"]
[BlackElo "1983"]
[PlyCount "37"]
[EventDate "2008.03.01"]
[EventCountry "ENG"]
[SourceDate "2007.09.15"]

1. e4 e6 2. d4 d5 3. Nc3 Nf6 4. Bg5 dxe4 5. Nxe4 Be7 6. Bxf6 Bxf6 7. Nf3 O-O 8.
Bd3 Nc6 9. c3 a6 10. h4 Be7 11. Qe2 f5 12. Neg5 Rf6 13. Bc4 Qd6 14. Nxh7 Kxh7
15. Ng5+ Kg8 16. Qh5 Rh6 17. Qf7+ Kh8 18. Qe8+ Bf8 19. Nf7+ 1-0